Countries in the 2026 World Cup - World Map Sudden Death - Statistics

General Stats
  • This quiz has been taken 173 times
    111 since last reset
  • The average score is 15 of 27
Answers on the Grid
Answers color-coded by a green-red scale on the quiz's grid according to % correct below.
 
Answer Stats
Answer % Correct
Canada
80%
Canada, Mexico, United States
77%
Algeria, Austria, Belgium, Bosnia, Croatia, Czechia, Egypt, England, France, Germany, Morocco, Portugal, Switzerland, Tunisia, Turkey
75%
Canada, United States
73%
Canada
70%
Canada, United States
70%
Mexico
68%
Argentina, Brazil, Ecuador, Paraguay
68%
Brazil
68%
Brazil, Colombia, Curacao, Ecuador, Haiti, Mexico, Panama
66%
Argentina, Brazil, Uruguay
61%
Belgium, England, Germany, Netherlands, Norway, Scotland, Sweden
61%
Brazil, Cape Verde, Morocco, Senegal
59%
Algeria, D.R.Congo, Egypt, Ghana, Ivory Coast
59%
Egypt, Iran, Iraq, Jordan, Qatar, Saudi Arabia, Turkey Uzbekistan
59%
D.R.Congo, South Africa
55%
South Africa
55%
Japan, South Korea
48%
Australia
48%
Australia
48%
Australia, New Zealand
48%
D.R.Congo, Egypt, Saudi Arabia
45%
Australia
43%
Morocco, Portugal, Spain
41%
D.R.Congo, South Africa
41%
United States (Hawaii)
25%
Uzbekistan
25%
No matching quizzes found
Score Distribution
Percent of People with Each Score
Percentile by Number Answered
Your Score History
You have not taken this quiz since the last reset